01463nam a22003497a 4500003000500000005001700005008004100022010001000063011001000073035001000083040000900093090001000102100004000112245011800152260004000270300001100310502011700321590003700438590004100475590004100516590004100557590004200598650004300640650003800683901000700721942000900728949004300737949005500780999001700835952013300852952012800985CHAP20220329140744.0971013s1995 r 00010 d a57139 a58111 a62266 cCHAP aTesis00aMonterrubio Velasco, Aurora.977843 aSituación actual y perspectivas de exportación del jugo de naranja concentrado para el mercado norteamericano aChapingo, Méx. :bEl autor,c1995 a105 h. aTesis (Lic. en Comercio Internacional de Productos Agropecuarios) -- UACH. Departamento de Economía Agrícola aALEPHb10c20130110lUCH01h1335 aBATCH-UPDb10c20130110lUCH01h0523 aBATCH-UPDb10c20130410lUCH01h0203 aBATCH-UPDb10c20130914lUCH01h1706 aCONVERSIONb10c20130109lUCH01h133114aJugo de naranjaxExportación.96229114aJugo de naranjaxMercadeo.962292 aBK cFOLL bBCcTESd-133476eTS1h28439i62266si bBCcTESd33724000088373eTS2fc.2h28440i62266si c57139d57139 00102local4053708TESISaBCbBCcPA_TESISd2019-12-31fTESISl0p33724000088373r2019-12-31 00:00:00tc.2w2019-12-31yTESIS 00102local4051708TESISaBCbBCcPA_TESISd2019-12-31fTESISl0oTesisp-133476r2019-12-31 00:00:00w2019-12-31yTESIS